[Event "Year 2016"]
[Site "SchemingMind.com"]
[Date "2016.03.12"]
[Round "-"]
[White "Abstract Actuary"]
[Black "Transcendent"]
[Result "1-0"]
[WhiteCountry "USA"]
[BlackCountry "ENG"]
[WhiteElo "1900"]
[WhiteRD "74"]
[BlackElo "1506"]
[BlackRD "53"]
[GameID "396572"]

1. e4 e6 2. d4 d5 3. Nd2 Nf6 4. e5 Nfd7 5. Bd3 c5 6. c3 Nc6 7. Ngf3 cxd4 8. cxd4 f6 9. exf6 Nxf6 10. O-O Bd6
11. Re1 O-O 12. Nf1 Bd7 13. Bg5 Qb6 14. a3 Qxb2 15. Rb1 Qxa3 16. Rxb7 Rab8 17. Bxf6 Rxb7 18. Bxh7+ Kxh7 19. Ng5+
1-0

[Event "Year 2016"]
[Site "SchemingMind.com"]
[Date "2016.03.08"]
[Round "-"]
[White "kenneth m day"]
[Black "Abstract Actuary"]
[Result "0-1"]
[WhiteCountry "USA"]
[BlackCountry "USA"]
[WhiteElo "1699"]
[WhiteRD "51"]
[BlackElo "1900"]
[BlackRD "74"]
[GameID "396573"]

1. e4 e5 2. f4 exf4 3. Nf3 g5 4. d4 g4 5. Ne5 Qh4+ 6. Ke2 d6 7. Bxf4 dxe5 8. dxe5 g3 9. Bxg3 Qxe4+ 10. Kd2 Bh6+
11. Kc3 Ne7 12. Qd3 Nd5+ 13. Qxd5 Qxd5 14. Bc4 Qxg2 15. Na3 a5 16. Rad1 Nc6 17. Nb5 Bf5 18. Nxc7+ Kf8 19. Bd3 Bxd3 20. cxd3 Rc8
21. Nb5 Nb4+ 22. Kb3 Qd5+ 23. Ka4 Qxa2+ 24. Na3 Qxb2 25. Rhf1 Qd4 26. Nc4 Nd5 27. Kxa5 Rc5+ 28. Ka4 b5+
0-1

[Event "Year 2016"]
[Site "SchemingMind.com"]
[Date "2016.03.09"]
[Round "-"]
[White "klapa"]
[Black "Abstract Actuary"]
[Result "0-1"]
[WhiteCountry "POL"]
[BlackCountry "USA"]
[WhiteElo "1310"]
[WhiteRD "74"]
[BlackElo "1900"]
[BlackRD "74"]
[GameID "396574"]

1. e4 c5 2. Nc3 Nc6 3. d3 g6 4. Nd5 e6 5. Nc3 Bg7 6. Bd2 d5 7. Qe2 Nf6 8. Bf4 O-O 9. e5 Nh5 10. g3 Nxf4
11. gxf4 Bh6 12. Nh3 Nd4 13. Qd2 Nf3+ 14. Kd1 Nxd2 15. Kxd2 Qh4 16. Rd1 Bxf4+ 17. Nxf4 Qxf4+ 18. Ke1 Qxe5+ 19. Ne2 Qxb2 20. Rc1 Qxa2
21. Bg2 a5 22. Nc3 Qb2 23. Kd2 d4 24. Ne4 Qb4+ 25. Ke2 a4 26. Rhe1 a3 27. Rb1 Qa4 28. Rec1 a2 29. Ra1 Qa3 30. Nf6+ Kg7
31. Ne4 Qxc1 32. Rxc1 a1=Q 33. Rxa1 Rxa1 34. Ng5 b6 35. f4 h6 36. Ne4 Bb7 37. h3 f5 38. Nd6 Bxg2
0-1

[Event "Year 2016"]
[Site "SchemingMind.com"]
[Date "2016.03.10"]
[Round "-"]
[White "Simon Green"]
[Black "Abstract Actuary"]
[Result "0-1"]
[WhiteCountry "ENG"]
[BlackCountry "USA"]
[WhiteElo "1617"]
[WhiteRD "56"]
[BlackElo "1877"]
[BlackRD "73"]
[GameID "396575"]

1. d4 Nf6 2. e3 e6 3. Bd3 d5 4. f4 c5 5. c3 c4 6. Bc2 b5 7. Nf3 a6 8. O-O Nc6 9. Nbd2 Bb7 10. Qe1 Bd6
11. Ne5 Qc7 12. Ndf3 h6 13. Qh4 O-O-O 14. f5 Nxe5 15. dxe5 Bxe5 16. fxe6 fxe6 17. Nxe5 Qxe5 18. Qd4 Qxd4 19. exd4 Rhf8 20. Bd2 Rf7
21. Bg6 Re7 22. Bf4 Kd7 23. Be5 Rf8 24. Bxf6 gxf6 25. Rf2 Rg7 26. Bc2 Rff7 27. Raf1 Ke7 28. h4 h5 29. Kh2 e5 30. dxe5 fxe5
31. Rxf7+ Rxf7 32. Rxf7+ Kxf7 33. Bf5 Kf6 34. g4 d4 35. cxd4 exd4 36. Kg1 a5 37. Kf2 b4 38. Ke1 Bf3
0-1

[Event "Year 2016"]
[Site "SchemingMind.com"]
[Date "2016.03.07"]
[Round "-"]
[White "Chessibelle"]
[Black "Abstract Actuary"]
[Result "0-1"]
[WhiteCountry "ENG"]
[BlackCountry "USA"]
[WhiteElo "1175"]
[WhiteRD "62"]
[BlackElo "1838"]
[BlackRD "74"]
[GameID "396576"]

1. Nf3 Nf6 2. d4 e6 3. Nc3 Bb4 4. Bd2 O-O 5. e3 d5 6. Bd3 c5 7. O-O c4 8. Be2 a6 9. Ne5 b5 10. Bf3 Bb7
11. a3 Bd6 12. Ne2 Qc7 13. Ng3 Bxe5 14. dxe5 Qxe5 15. c3 Nbd7 16. Ne2 Nc5 17. h3 Nd3 18. Qb1 Nd7 19. b3 N7c5 20. bxc4 bxc4
21. g4 Nb3 22. Be1 Nxa1 23. Qxa1 Nxe1 24. Rxe1 Bc6 25. Nd4 Ba4 26. Qb1 Rab8 27. Qa1 Rb6 28. Be2 Rfb8 29. f4 Qxe3+ 30. Kf1 Qxf4+
31. Nf3 Bc2 32. Qa2 Be4 33. Kf2 Rb2 34. Qa1 Qxf3+
0-1

[Event "Year 2016"]
[Site "SchemingMind.com"]
[Date "2016.03.07"]
[Round "-"]
[White "Abstract Actuary"]
[Black "Stephen Woodhouse"]
[Result "0-1"]
[WhiteCountry "USA"]
[BlackCountry "ENG"]
[WhiteElo "1838"]
[WhiteRD "74"]
[BlackElo "1824"]
[BlackRD "49"]
[GameID "396577"]

1. e4 e6 2. d4 d5 3. Nd2 c5 4. Ngf3 cxd4 5. Nxd4 Nf6 6. e5 Nfd7 7. N2f3 a6 8. Bf4 Qb6 9. Nb3 Nc6 10. c3 Nc5
11. Nxc5 Bxc5 12. Qc2 Bd7 13. Bd3 h6 14. O-O O-O 15. b4 Be7 16. a4 Rac8 17. a5 Qc7 18. Ra2 Na7 19. Bd2 Bb5 20. Nd4 Bxd3
21. Qxd3 Qc4 22. Qxc4 Rxc4 23. f4 Rfc8 24. Rf3 Nc6 25. Nxc6 R8xc6 26. Ra1 d4 27. Rc1 Bxb4 28. cxb4 Rxc1+ 29. Bxc1 Rxc1+ 30. Rf1 Rc4
31. Rb1 f6 32. Kf2 fxe5 33. fxe5 Kf7 34. Kf3 d3 35. Ke3 d2 36. Kxd2 Re4 37. Kd3 Rxe5 38. Rc1 Rd5+ 39. Ke3 Kf6 40. h4 g5
41. h5 g4 42. Kf4 Rd4+ 43. Kg3 Rxb4 44. Rc5 Rb5 45. Rxb5 axb5 46. Kxg4 b4
0-1

[Event "Year 2016"]
[Site "SchemingMind.com"]
[Date "2016.03.08"]
[Round "-"]
[White "Abstract Actuary"]
[Black "Wojtek26"]
[Result "1-0"]
[WhiteCountry "USA"]
[BlackCountry "POL"]
[WhiteElo "1838"]
[WhiteRD "74"]
[BlackElo "1578"]
[BlackRD "50"]
[GameID "396578"]

1. e4 e5 2. Nf3 Nc6 3. c3 d6 4. d4 exd4 5. cxd4 Bg4 6. Be3 Nf6 7. Nc3 Be7 8. Bb5 a6 9. Ba4 b5 10. Bc2 d5
11. e5 Ne4 12. Nxe4 dxe4 13. Bxe4 Bb4+ 14. Ke2 O-O 15. Bxc6 Rb8 16. a3 Ba5 17. b4 Bb6 18. Qd3 f6 19. exf6 Qxf6 20. Bd5+ Kh8
21. Rac1 Bxf3+ 22. Bxf3 Rbe8 23. Rc6 Qxd4 24. Qxd4 Bxd4 25. Rxc7 Rf6 26. Rd1 Bxe3 27. fxe3 Rfe6 28. e4 Rh6 29. h3 Rhe6 30. Rdd7 Rg6
31. Ke3 Rge6 32. Rxg7 Rh6 33. Bg4 a5 34. Bf5
1-0

[Event "Year 2016"]
[Site "SchemingMind.com"]
[Date "2016.03.14"]
[Round "-"]
[White "emvarela"]
[Black "flyinduck"]
[Result "0-1"]
[WhiteCountry "ARG"]
[BlackCountry "CAN"]
[WhiteElo "1652"]
[WhiteRD "47"]
[BlackElo "2130"]
[BlackRD "58"]
[GameID "396680"]

1. e4 c5 2. Nf3 Nc6 3. d4 cxd4 4. Nxd4 Nf6 5. Nc3 e5 6. Nxc6 bxc6 7. Bd3 Bb4 8. Bd2 O-O 9. a3 Be7 10. O-O d5
11. b4 Bb7 12. exd5 cxd5 13. Re1 e4 14. Be2 d4 15. Na2 Qd7 16. Bg5 Rad8 17. Bxf6 Bxf6 18. Rb1 Rfe8 19. Bg4 Qd5 20. Nc1 g6
21. Rb3 h5 22. Be2 h4 23. h3 Qg5 24. Bg4 Be5 25. Re2 f5
0-1

[Event "Year 2016"]
[Site "SchemingMind.com"]
[Date "2016.03.10"]
[Round "-"]
[White "flyinduck"]
[Black "kenneth m day"]
[Result "1-0"]
[WhiteCountry "CAN"]
[BlackCountry "USA"]
[WhiteElo "2135"]
[WhiteRD "56"]
[BlackElo "1699"]
[BlackRD "51"]
[GameID "396681"]

1. d4 d5 2. c4 c6 3. Nc3 Nf6 4. e3 Bf5 5. cxd5 cxd5 6. Qb3 Qd7 7. Nf3 Nc6 8. Ne5 Nxe5 9. dxe5 Qc7 10. exf6 O-O-O
11. Bd2 exf6 12. Nb5 Qb6 13. Rc1+ Kb8 14. e4 Bxe4 15. Bf4+ Ka8 16. Nc7+ Kb8 17. Nxd5+ Ka8 18. Nxb6+ axb6 19. Qa4#
1-0

[Event "Year 2016"]
[Site "SchemingMind.com"]
[Date "2016.03.10"]
[Round "-"]
[White "flyinduck"]
[Black "klapa"]
[Result "1-0"]
[WhiteCountry "CAN"]
[BlackCountry "POL"]
[WhiteElo "2130"]
[WhiteRD "58"]
[BlackElo "1317"]
[BlackRD "77"]
[GameID "396682"]

1. d4 e6 2. c4 d5 3. Nc3 Nc6 4. Nf3 Nf6 5. Bg5 Be7 6. e3 O-O 7. a3 Na5 8. c5 Nc4 9. b3 Na5 10. Bd3 b6
11. b4 Nc4 12. Qc2 Ng4 13. Bxe7 Qxe7 14. Bxh7+ Kh8 15. Bd3 b5 16. Nxb5 a6 17. Nc3 f5 18. h3 Nf6 19. Bxc4 dxc4 20. Ne5 a5
21. Ng6+ Kg8 22. Nxe7+ Kf7 23. Nxc8 Raxc8 24. Qe2 c6 25. Qxc4 g6 26. O-O axb4 27. axb4 Rc7 28. b5 cxb5 29. Nxb5 Re7 30. Ra7 g5
31. Nd6+ Kg6 32. Rxe7 Ng8 33. Rxe6+ Kh5 34. Nxf5 Rxf5 35. Qe2+ Kh4 36. Qg4#
1-0

[Event "Year 2016"]
[Site "SchemingMind.com"]
[Date "2016.03.10"]
[Round "-"]
[White "Stephen Woodhouse"]
[Black "flyinduck"]
[Result "0-1"]
[WhiteCountry "ENG"]
[BlackCountry "CAN"]
[WhiteElo "1824"]
[WhiteRD "49"]
[BlackElo "2083"]
[BlackRD "52"]
[GameID "396683"]

1. e4 e5 2. Nf3 Nf6 3. d4 Nxe4 4. Bd3 d5 5. Nxe5 Nd7 6. Nxd7 Bxd7 7. O-O Bd6 8. c4 c6 9. Nc3 Nxc3 10. bxc3 O-O
11. cxd5 cxd5 12. Qh5 g6 13. Qxd5 Qc7 14. g3 Be6 15. Qg5 Qxc3
0-1

[Event "Year 2016"]
[Site "SchemingMind.com"]
[Date "2016.03.10"]
[Round "-"]
[White "Abstract Actuary"]
[Black "flyinduck"]
[Result "0-1"]
[WhiteCountry "USA"]
[BlackCountry "CAN"]
[WhiteElo "1877"]
[WhiteRD "73"]
[BlackElo "2126"]
[BlackRD "54"]
[GameID "396684"]

1. e4 c5 2. d4 cxd4 3. c3 Nf6 4. e5 Nd5 5. cxd4 e6 6. Nc3 Nxc3 7. bxc3 d6 8. f4 dxe5 9. fxe5 Qh4+ 10. g3 Qe4+
11. Kf2 Qxh1 12. Nf3 Bd7 13. Qe2 Ba4 14. Bb2 Be7 15. Qd2 Bc6 16. Bg2 Qxa1 17. Bxa1 O-O 18. Bb2 Nd7 19. Qf4 Nb6 20. Qg4 Rfc8
21. Bc1 Bd5 22. Bh6 Bf8 23. h4 Rxc3 24. h5 Kh8 25. Bf4 h6 26. Kg1 Rac8 27. Nh4 Bxg2 28. Kxg2 Nd5 29. Ng6+ Kh7 30. Bd2 Rc2
31. Qe2 fxg6 32. Qd3 Rxd2+ 33. Qxd2 Rc2 34. hxg6+ Kg8
0-1

[Event "Year 2016"]
[Site "SchemingMind.com"]
[Date "2016.03.10"]
[Round "-"]
[White "flyinduck"]
[Black "Black Knight"]
[Result "1-0"]
[WhiteCountry "CAN"]
[BlackCountry "USA"]
[WhiteElo "2083"]
[WhiteRD "52"]
[BlackElo "1422"]
[BlackRD "62"]
[GameID "396685"]

1. d4 d5 2. c4 e6 3. Nc3 Nf6 4. cxd5 Nxd5 5. e4 Nxc3 6. bxc3 f5 7. Bd3 Be7 8. Nf3 Nc6 9. O-O O-O 10. exf5 exf5
11. Re1 Rf7 12. Bc4 Qf8 13. Bf4 Kh8 14. Bxf7 Qxf7 15. Bxc7 b6 16. Qb3 Bf6 17. Qxf7
1-0

[Event "Year 2016"]
[Site "SchemingMind.com"]
[Date "2016.03.10"]
[Round "-"]
[White "flyinduck"]
[Black "Phillip Beckett"]
[Result "1-0"]
[WhiteCountry "CAN"]
[BlackCountry "ENG"]
[WhiteElo "2083"]
[WhiteRD "52"]
[BlackElo "1577"]
[BlackRD "47"]
[GameID "396686"]

1. d4 d5 2. c4 e6 3. Nc3 Nf6 4. cxd5 Nxd5 5. e4 Nxc3 6. bxc3 c5 7. Nf3 cxd4 8. cxd4 Bb4+ 9. Bd2 Qa5 10. Rb1 Bxd2+
11. Qxd2 Qxd2+ 12. Kxd2 Nc6 13. Bb5 Bd7 14. d5 exd5 15. exd5 Na5 16. Rhe1+ Kd8 17. Bxd7 Kxd7 18. Ne5+ Kd6 19. Nxf7+ Kxd5 20. Nxh8 Nc4+
21. Kc3 Rxh8 22. Rb5+
1-0

[Event "Year 2016"]
[Site "SchemingMind.com"]
[Date "2016.03.10"]
[Round "-"]
[White "Scooter"]
[Black "flyinduck"]
[Result "0-1"]
[WhiteCountry "USA"]
[BlackCountry "CAN"]
[WhiteElo "1712"]
[WhiteRD "48"]
[BlackElo "2083"]
[BlackRD "52"]
[GameID "396687"]

1. d4 Nf6 2. Nf3 d5 3. Bf4 c5 4. e3 Nc6 5. c3 Qb6 6. Qb3 c4 7. Qxb6 axb6 8. Be2 Bf5 9. O-O b5 10. Nbd2 b4
11. Nh4 Bd7 12. cxb4 Nxb4 13. a3 Nc6 14. Nhf3 e6 15. Ne5 Nxe5 16. Bxe5 b5 17. h3 Be7 18. Rfc1 O-O 19. Bd1 Rfc8 20. Bxf6 Bxf6
21. Nb1 b4 22. Nd2 Be7 23. axb4 Bxb4 24. Nf3 f6 25. b3 c3 26. Ne1 Ba3 27. Rc2 Bb2 28. Rxa8 Rxa8 29. Nd3 Ra1
0-1

[Event "Year 2016"]
[Site "SchemingMind.com"]
[Date "2016.03.13"]
[Round "-"]
[White "flyinduck"]
[Black "Transcendent"]
[Result "1-0"]
[WhiteCountry "CAN"]
[BlackCountry "ENG"]
[WhiteElo "2135"]
[WhiteRD "56"]
[BlackElo "1506"]
[BlackRD "53"]
[GameID "396688"]

1. d4 Nf6 2. c4 g6 3. Nc3 d5 4. cxd5 Nxd5 5. e4 Nxc3 6. bxc3 Bg7 7. Nf3 c5 8. Be3 O-O 9. Qd2 Bg4 10. Be2 Nc6
11. d5 Bxf3 12. gxf3 Ne5 13. Bxc5
1-0

[Event "Year 2016"]
[Site "SchemingMind.com"]
[Date "2016.03.11"]
[Round "-"]
[White "Simon Green"]
[Black "flyinduck"]
[Result "0-1"]
[WhiteCountry "ENG"]
[BlackCountry "CAN"]
[WhiteElo "1617"]
[WhiteRD "56"]
[BlackElo "2126"]
[BlackRD "54"]
[GameID "396689"]

1. d4 Nf6 2. e3 c5 3. c3 e6 4. f4 b6 5. Nf3 Bb7 6. Bd3 Be7 7. O-O O-O 8. Nbd2 Nd5 9. Qe1 f5 10. Ne5 d6
11. Nef3 Nc6 12. a3 cxd4 13. cxd4 Bf6 14. Qg3 Nxe3 15. Kf2 Nxf1 16. Nxf1 Nxd4 17. Nxd4 Bxd4+ 18. Be3 Bxb2 19. Ra2 Bf6 20. Ke2 Rc8
21. Nd2 Bd5 22. Rc2 Rxc2 23. Bxc2 Qd7 24. Qf2 Rc8 25. Bd3 Qa4
0-1

[Event "Year 2016"]
[Site "SchemingMind.com"]
[Date "2016.03.10"]
[Round "-"]
[White "Chessibelle"]
[Black "flyinduck"]
[Result "0-1"]
[WhiteCountry "ENG"]
[BlackCountry "CAN"]
[WhiteElo "1135"]
[WhiteRD "61"]
[BlackElo "2126"]
[BlackRD "54"]
[GameID "396690"]

1. Nf3 Nf6 2. d4 d5 3. e3 c5 4. Nc3 Nc6 5. Bb5 Bg4 6. Be2 e6 7. O-O Bd6 8. a3 O-O 9. Qd3 a6 10. e4 Bxf3
11. Bxf3 Nxd4 12. Bd1 Qc7 13. Bd2 Bxh2+ 14. Kh1 Bf4 15. Ne2 Nxe2 16. Bxe2 Bxd2 17. Qxd2 Nxe4 18. Qe3 Nf6 19. Rad1 Rfe8 20. Bd3 c4
21. Be2 b5 22. b3 e5 23. b4 d4 24. Qg3 Rad8 25. Qf3 e4 26. Qh3 d3 27. cxd3 exd3 28. Bf3 Re6 29. g3 Ne4 30. Qg2 Ng5
31. Bg4 Red6 32. f4 Ne6 33. f5 Ng5 34. Qh2 Rh6 35. Bh3 Rxh3 36. Rde1 Qxg3
0-1

[Event "Year 2016"]
[Site "SchemingMind.com"]
[Date "2016.03.10"]
[Round "-"]
[White "flyinduck"]
[Black "Wojtek26"]
[Result "1-0"]
[WhiteCountry "CAN"]
[BlackCountry "POL"]
[WhiteElo "2126"]
[WhiteRD "54"]
[BlackElo "1547"]
[BlackRD "48"]
[GameID "396691"]

1. d4 d5 2. c4 e6 3. Nc3 Nf6 4. cxd5 Nxd5 5. e4 Nxc3 6. bxc3 Bd6 7. e5 Be7 8. Qg4 Rg8 9. Bd3 g6 10. Ne2 f5
11. exf6 Bxf6 12. O-O e5 13. Qg3 exd4 14. Nxd4 Nc6 15. Re1+ Kf8 16. Bc4 Rg7 17. Bh6 Nxd4 18. cxd4 Bxd4 19. Rad1 Qf6 20. Qxc7 Bxf2+
21. Kh1 Bxe1 22. Bxg7+ Qxg7 23. Rd8#
1-0

[Event "Year 2016"]
[Site "SchemingMind.com"]
[Date "2016.03.13"]
[Round "-"]
[White "kenneth m day"]
[Black "ray winteringham"]
[Result "1-0"]
[WhiteCountry "USA"]
[BlackCountry "ENG"]
[WhiteElo "1674"]
[WhiteRD "52"]
[BlackElo "1485"]
[BlackRD "53"]
[GameID "396738"]

1. e4 e5 2. f4 exf4 3. Nf3 d6 4. d4 g5 5. g3 g4 6. Nh4 fxg3 7. hxg3 Nc6 8. Bf4 Bg7 9. c3 Nf6 10. Nd2 h5
11. Qe2 O-O 12. O-O-O Bd7 13. Qe3 Kh7 14. Bg5 Qc8 15. Bd3 Kg8 16. e5 dxe5 17. dxe5 Re8 18. Nc4 b5 19. Qf4 Nd5 20. Qe4 bxc4
21. Qh7+ Kf8 22. Rhf1 Be6 23. Ng6#
1-0

[Event "Year 2016"]
[Site "SchemingMind.com"]
[Date "2016.03.12"]
[Round "-"]
[White "ray winteringham"]
[Black "Abstract Actuary"]
[Result "0-1"]
[WhiteCountry "ENG"]
[BlackCountry "USA"]
[WhiteElo "1492"]
[WhiteRD "53"]
[BlackElo "1838"]
[BlackRD "74"]
[GameID "396739"]

1. e4 c5 2. Nf3 Nc6 3. d4 cxd4 4. Nxd4 Nf6 5. f3 g6 6. b3 Bg7 7. Bb2 O-O 8. Nd2 d6 9. Bd3 Qb6 10. c3 Nh5
11. g3 Nxd4 12. cxd4 Bxd4 13. Nc4 Qb4+ 14. Ke2 Bxb2 15. Nxb2 b6 16. a3 Qd4 17. Rb1 Bh3 18. Qd2 Rac8 19. g4 Nf6 20. Nc4 h5
21. Qh6 hxg4 22. Rhg1 gxf3+ 23. Kd2 Nxe4+ 24. Kc2 Qc3+ 25. Kd1 Qxd3+ 26. Ke1 f2#
0-1

[Event "Year 2016"]
[Site "SchemingMind.com"]
[Date "2016.03.12"]
[Round "-"]
[White "Black Knight"]
[Black "ray winteringham"]
[Result "0-1"]
[WhiteCountry "USA"]
[BlackCountry "ENG"]
[WhiteElo "1414"]
[WhiteRD "64"]
[BlackElo "1485"]
[BlackRD "53"]
[GameID "396740"]

1. e4 e5 2. Nf3 Nc6 3. Bb5 d6 4. Bxc6+ bxc6 5. O-O Be6 6. Nc3 Be7 7. d3 h6 8. Be3 f5 9. exf5 Bxf5 10. Ne2 Bf6
11. Ng3 Bg6 12. Qe2 Ne7 13. Ne4 O-O 14. Nxf6+ Rxf6 15. d4 e4 16. Nh4 d5 17. Nxg6 Nxg6 18. c3 Qe7 19. f4 Raf8 20. g3 Qd7
21. Qh5 Qf5 22. Qxf5 Rxf5 23. h4 R5f7 24. a4 a6 25. a5 Ne7 26. g4 Ng6 27. h5 Nxf4 28. Bxf4 Rxf4 29. g5 Rg4+ 30. Kh2 Rxg5
31. Rxf8+ Kxf8 32. Rf1+ Kg8 33. Rh1 Rxh5+ 34. Kg2 Rxh1 35. Kxh1 g5 36. Kg2 Kg7 37. Kf2 Kf6 38. b4 Kf5 39. Ke3 g4 40. Kf2 Kf4
0-1

[Event "Year 2016"]
[Site "SchemingMind.com"]
[Date "2016.03.13"]
[Round "-"]
[White "emvarela"]
[Black "ray winteringham"]
[Result "1-0"]
[WhiteCountry "ARG"]
[BlackCountry "ENG"]
[WhiteElo "1680"]
[WhiteRD "49"]
[BlackElo "1496"]
[BlackRD "54"]
[GameID "396741"]

1. e4 g6 2. d4 Bg7 3. c4 d6 4. Nc3 f5 5. exf5 Bxf5 6. Nf3 Nf6 7. Bd3 Be6 8. d5 Bf7 9. O-O c6 10. dxc6 Nxc6
11. a3 O-O 12. Be3 Ng4 13. Bd2 Qc7 14. h3 Nf6 15. b4 a6 16. Rc1 Qd7 17. Ne4 Rad8 18. Bc3 e5 19. Nxf6+ Bxf6 20. Qe2 Be6
21. Be4 Be7 22. Rfd1 Rf7 23. Bxc6 Qxc6 24. Bxe5 dxe5 25. Nxe5 Rxd1+ 26. Rxd1 Qc8 27. Nxf7 Kxf7 28. c5 h5 29. Qf3+ Kg7 30. Re1 Kh6
31. Qe3+ Kg7 32. Qxe6 Qxe6 33. Rxe6 Kf7 34. Rb6
1-0

[Event "Year 2016"]
[Site "SchemingMind.com"]
[Date "2016.03.12"]
[Round "-"]
[White "Phillip Beckett"]
[Black "ray winteringham"]
[Result "0-1"]
[WhiteCountry "ENG"]
[BlackCountry "ENG"]
[WhiteElo "1577"]
[WhiteRD "47"]
[BlackElo "1492"]
[BlackRD "53"]
[GameID "396742"]

1. e4 e5 2. Nf3 Nc6 3. Bb5 d6 4. d4 exd4 5. Nxd4 Bd7 6. Nxc6 Bxc6 7. Qd5 Qd7 8. Bxc6 Qxc6 9. Qxc6+ bxc6 10. Bf4 Be7
11. Nc3 Rc8 12. O-O-O Bf6 13. Rhe1 Bxc3 14. bxc3 f6 15. f3 Ne7 16. c4 O-O 17. c3 f5 18. e5 Ng6 19. exd6 Nxf4 20. d7 Rcd8
21. g3 Ng2 22. Re7 f4 23. Re2 Ne3 24. Rd4 g5 25. h4 h6 26. gxf4 gxf4 27. Red2 Rf7 28. Re4 Rdxd7 29. Rxd7 Rxd7 30. Rxf4 Rd3
31. Kb2 Kg7 32. Re4 Kg6 33. Re6+ Kh5 34. Rxc6 Rd7 35. Ra6 Nxc4+ 36. Kb3 Nd2+ 37. Kc2 Nxf3 38. Rxa7 Nxh4 39. Ra5+ Kg6 40. Ra6+ Kg5
41. Ra5+ Nf5 42. Rc5 h5 43. a4 h4 44. a5 h3 45. a6 h2
0-1

[Event "Year 2016"]
[Site "SchemingMind.com"]
[Date "2016.03.12"]
[Round "-"]
[White "ray winteringham"]
[Black "Scooter"]
[Result "0-1"]
[WhiteCountry "ENG"]
[BlackCountry "USA"]
[WhiteElo "1492"]
[WhiteRD "53"]
[BlackElo "1712"]
[BlackRD "48"]
[GameID "396743"]

1. e4 c6 2. d4 d5 3. Nc3 dxe4 4. Nxe4 Bf5 5. f3 Nd7 6. Bd3 Bxe4 7. Bxe4 Ngf6 8. Ne2 e6 9. O-O Qc7 10. Bf4 Bd6
11. Qd2 Bxf4 12. Nxf4 O-O-O 13. c3 Nc5 14. Qc2 Qxf4 15. Bxh7 Rxh7 16. dxc5 Rd2 17. Qc1 Qxh2#
0-1

[Event "Year 2016"]
[Site "SchemingMind.com"]
[Date "2016.03.12"]
[Round "-"]
[White "Transcendent"]
[Black "ray winteringham"]
[Result "0-1"]
[WhiteCountry "ENG"]
[BlackCountry "ENG"]
[WhiteElo "1506"]
[WhiteRD "53"]
[BlackElo "1496"]
[BlackRD "54"]
[GameID "396744"]

1. d4 f5 2. c4 Nf6 3. g3 e6 4. Bg2 c6 5. Nc3 Bb4 6. Qc2 d5 7. a3 Ba5 8. b4 Bc7 9. cxd5 cxd5 10. Nf3 b6
11. Nb5 O-O 12. Qxc7 Qe8 13. Nd6 Qd8 14. Qxd8 Rxd8 15. Nb5 Bb7 16. Nc7 Nbd7 17. Nxa8 Bxa8 18. Bf4 Ne4 19. O-O Nc3 20. e3 g6
21. Ng5 Re8 22. Rac1 Ne2+ 23. Kh1 Nxc1
0-1

[Event "Year 2016"]
[Site "SchemingMind.com"]
[Date "2016.03.12"]
[Round "-"]
[White "ray winteringham"]
[Black "klapa"]
[Result "1-0"]
[WhiteCountry "ENG"]
[BlackCountry "POL"]
[WhiteElo "1485"]
[WhiteRD "53"]
[BlackElo "1356"]
[BlackRD "74"]
[GameID "396745"]

1. e4 e5 2. Nf3 Nf6 3. Nc3 d5 4. exd5 e4 5. Nd4 Bc5 6. Nb3 Qd6 7. Nxc5 Qxc5 8. Be2 O-O 9. b3 Nxd5 10. d4 Nxc3
11. dxc5 Nxd1 12. Bxd1 Bf5 13. O-O Nc6 14. Bf4 Rac8 15. f3 exf3 16. Bxf3 Bxc2 17. Bxc6 bxc6 18. Rac1 Bd3 19. Rfd1 Be2 20. Re1 Rfe8
21. Rc2 Bd3 22. Rxe8+ Rxe8 23. Rd2 Bb1 24. a3 a5 25. Bxc7 h5 26. Bxa5 g5 27. Rd6 Be4 28. Bd8 h4 29. Bxg5 h3 30. gxh3 Bc2
31. b4 f6 32. Rxf6 Kg7 33. Rxc6 Re1+ 34. Kf2 Be4 35. Rc7+ Kg6 36. Kxe1 Kxg5 37. Rd7 Kh4 38. Rd4
1-0

[Event "Year 2016"]
[Site "SchemingMind.com"]
[Date "2016.03.13"]
[Round "-"]
[White "ray winteringham"]
[Black "Simon Green"]
[Result "1-0"]
[WhiteCountry "ENG"]
[BlackCountry "ENG"]
[WhiteElo "1492"]
[WhiteRD "53"]
[BlackElo "1616"]
[BlackRD "56"]
[GameID "396746"]

1. e4 e6 2. d4 d5 3. e5 c5 4. b4 c4 5. c3 b5 6. Be2 Be7 7. f4 Nc6 8. Be3 a5 9. bxa5 Qxa5 10. Qc2 b4
11. Nf3 b3 12. Qb2 bxa2 13. Nbd2 Rb8 14. Qxa2 Qxc3 15. Bf2 Nh6 16. O-O Rb2 17. Qa8 Rb6 18. Qxc8+ Nd8 19. Rfc1 Qb4 20. Rcb1 Rb8
21. Qxb8 Qxb8 22. Rxb8 O-O 23. Raa8 Nf5 24. Ne1 f6 25. Nc2 Nf7 26. Rxf8+ Bxf8 27. Nb4 Ne7 28. Nb1 f5 29. Bh4 Ng6 30. Be1 h6
31. Nc6 Kh7 32. Bh5
1-0

[Event "Year 2016"]
[Site "SchemingMind.com"]
[Date "2016.03.12"]
[Round "-"]
[White "ray winteringham"]
[Black "Chessibelle"]
[Result "1-0"]
[WhiteCountry "ENG"]
[BlackCountry "ENG"]
[WhiteElo "1492"]
[WhiteRD "53"]
[BlackElo "1175"]
[BlackRD "62"]
[GameID "396747"]

1. e4 e5 2. Nf3 Nc6 3. Bb5 Nf6 4. d3 d6 5. O-O Bd7 6. Be3 Be7 7. c4 O-O 8. Nc3 a6 9. Bxc6 Bxc6 10. b3 b5
11. Nd2 Bb7 12. f4 Qd7 13. f5 Rfe8 14. h3 Qc6 15. g4 g6 16. Qe1 Red8 17. Nf3 Qe8 18. Qh4 Bf8 19. Qxf6 Bg7 20. Qh4 f6
21. g5 Kf7 22. gxf6 Bxf6 23. Qxh7+ Bg7 24. Ng5+ Kf6 25. Ne6 Rd7 26. Bg5+
1-0

[Event "Year 2016"]
[Site "SchemingMind.com"]
[Date "2016.03.14"]
[Round "-"]
[White "flyinduck"]
[Black "ray winteringham"]
[Result "1-0"]
[WhiteCountry "CAN"]
[BlackCountry "ENG"]
[WhiteElo "2126"]
[WhiteRD "54"]
[BlackElo "1485"]
[BlackRD "53"]
[GameID "396748"]

1. d4 d5 2. c4 Nf6 3. cxd5 Nxd5 4. Nf3 g6 5. e4 Nf6 6. Nc3 Bg7 7. Bc4 Bg4 8. Be3 a6 9. Bxf7+ Kf8 10. Bb3 Nc6
11. Qd2 Bxf3 12. gxf3 Nd7 13. h4 h5 14. O-O-O Na5 15. Be6 Nf6 16. e5 Ne8 17. Qc2 Nc4 18. Bxc4 Qd7 19. Qxg6 b5 20. Qf7#
1-0

[Event "Year 2016"]
[Site "SchemingMind.com"]
[Date "2016.03.12"]
[Round "-"]
[White "Wojtek26"]
[Black "ray winteringham"]
[Result "1-0"]
[WhiteCountry "POL"]
[BlackCountry "ENG"]
[WhiteElo "1578"]
[WhiteRD "50"]
[BlackElo "1492"]
[BlackRD "53"]
[GameID "396749"]

1. d4 d5 2. c4 c6 3. cxd5 cxd5 4. Nf3 Bf5 5. Bf4 e6 6. e3 Nf6 7. Bb5+ Nbd7 8. Ne5 a6 9. Bxd7+ Nxd7 10. Qa4 b5
11. Qb3 Be7 12. Nc6 Qc8 13. Nxe7 Kxe7 14. O-O Re8 15. Qb4+ Kd8 16. Nd2 Bd3 17. Rac1 Qb7 18. Nf3 Bxf1 19. Kxf1 f6 20. Bc7+ Kc8
21. Bb6+ Kb8 22. Qd6+
1-0

[Event "Year 2016"]
[Site "SchemingMind.com"]
[Date "2016.03.12"]
[Round "-"]
[White "ray winteringham"]
[Black "Stephen Woodhouse"]
[Result "0-1"]
[WhiteCountry "ENG"]
[BlackCountry "ENG"]
[WhiteElo "1492"]
[WhiteRD "53"]
[BlackElo "1824"]
[BlackRD "49"]
[GameID "396750"]

1. e4 e6 2. d4 d5 3. Nc3 Nf6 4. Bg5 dxe4 5. Nxe4 Be7 6. Bxf6 Bxf6 7. c3 O-O 8. Bd3 Nd7 9. Ne2 b6 10. Qc2 g6
11. O-O-O Bb7 12. b3 Bg7 13. Kb1 a5 14. f3 Qe7 15. Qb2 a4 16. Nc1 axb3 17. Nxb3 c5 18. Nbxc5 bxc5 19. dxc5 Bxe4 20. fxe4 Rab8
21. Bb5 Rxb5 22. Qxb5 Rb8 23. Qxb8+ Nxb8 24. Rd3 Qb7+ 25. Kc2 Qxe4 26. Rg1 Bh6 27. Rd1 Qxg2+ 28. Kb3 Na6 29. Kc4 Qc6 30. Rd6 Qxc5+
31. Kb3 Qb5+ 32. Kc2 Nc5
0-1